1 club pour chaque grands championnats européens - Statistiques

Statistiques générales
  • Ce quiz a été pris 377 fois
    283 depuis la dernière actualisation
  • Le résultat moyen est 5 sur 5
Statistiques - réponses
Championnats Noms des Clubs % Correct
Ligue 1 Angers | Bordeaux | Brest | Clermont | Lens | Lille | Lorient | Lyon | Marseille | Metz | Monaco | Montpellier | Nantes | Nice | Paris | Reims | Rennes | Saint-Etienne | Strasbourg | Troyes
100%
Premier League Arsenal | Aston Villa | Brentford | Brighton | Burnley | Chelsea | Crystal Palace | Everton | Leeds | Leicester | Liverpool | Manchester City | Manchester United | Newcastle | Norwich | Southampton | Tottenham | Watford | West Ham | Wolverhampton
100%
Liga Alaves | Athletic Bilbao | Atlético Madrid | Betis Séville | Cadix | Celta Vigo | Elche | Espanyol Barcelone | FC Barcelone | Getafe | Grenade | Levante | Majorque | Osasuna | Rayo Vallecano | Real Madrid | Real Sociedad | Séville FC | Valence | Villarreal
99%
Serie A AC Milan | AS Roma | Atalanta Bergame | Bologne | Cagliari | Empoli | Fiorentina | Genoa | Hellas Vérone | Inter Milan | Juventus Turin | La Spezia | Lazio Rome | Napoli | Salernitana | Sampdoria Genes | Sassuolo | Torino | Udinese | Venise
98%
Bundesliga Arminia Bielefeld | Augsbourg | Bayer Leverkusen | Bayern Munich | Bochum | Borussia Dortmund | Borussia Mönchengladbach | Francfort | Cologne | Fribourg | Greuther Fürth | Hertha Berlin | Hoffenheim | Mayence | RB Leipzig | Union Berlin | Stuttgart | Wolfsburg
95%
Aucun quiz correspondant
Distribution des résultats
% des personnes avec chaque résultat
Percentile par nombre de réponses
Votre historique - résultats
Vous n’avez pas pris ce quiz depuis la dernière actualisation